000
00292 a2200121 4500
001
63420
082
_a
025.35 COM
090
_c
37476
_d
37476
100
_a
COMS Tech
245
_a
COMS Tech inter Library resource network service (A-D)
_h
English
250
_a
Vol.I
260
_b
Comes Tech
942
_a
CAE NUST
_k
025.35 COM
999
_c
298493
_d
298493